Statistics for Countries that have had atleast one leader win TIME person of the year

Click here to take the quiz!

General Stats

  • This quiz has been taken 51 times
  • The average score is 13 of 16

Answer Stats

Country% Correct
Russia
100%
United Kingdom
100%
USA
100%
France
96%
Germany
96%
South Africa
90%
Ukraine
88%
China
86%
Egypt
80%
Iran
74%
Israel
74%
Saudi Arabia
60%
Taiwan
60%
Vatican City
58%
Ethiopia
56%
Philippines
52%

Score Distribution

Percentile by Number Answered

Percent of People with Each Score

Your Score History

You have not taken this quiz